[Event "Taza zt 4.1"]
[Site "Taza"]
[Date "2005.06.26"]
[Round "7"]
[White "Bengafer, Moh"]
[Black "Belouadah, Saad"]
[Result "0-1"]
[WhiteElo "2296"]
[BlackElo "2297"]
[PlyCount "152"]
[EventDate "2005.06.21"]
[EventType "swiss"]
[EventRounds "9"]
[EventCountry "MAR"]
[SourceTitle "EXT 2006"]
[Source "ChessBase"]
[SourceDate "2005.11.24"]
[SourceVersion "1"]
[SourceVersionDate "2005.11.24"]
[SourceQuality "1"]

1. e4 d6 2. d4 Nf6 3. Nc3 c6 4. f3 b5 5. Be3 Qc7 6. Qd2 Nbd7 7. d5 a6 8. a4 b4 9. dxc6 bxc3 10. cxd7+ Bxd7 11. Qxc3 Qxc3+ 12. bxc3 g6 13. Bd3 Bg7 14. Ne2 0-0 15. a5 Rfc8 16. Kd2 e5 17. Rhb1 d5 18. Rb6 dxe4 19. fxe4 Bb5 20. Ng3 Bxd3 21. cxd3 Ng4 22. Nf1 f5 23. h3 Nf6 24. Bg5 Nd7 25. Rb2 fxe4 26. dxe4 Nc5 27. Rb4 Rab8 28. Rxb8 Rxb8 29. Kc2 Nxe4 30. Be3 Nxc3 31. Bb6 Rc8 32. Kb3 Nb5 33. Ne3 Rc3+ 34. Ka4 e4 35. Ra2 Bf8 36. Nd5 Rc1 37. Kb3 Rb1+ 38. Kc4 Rc1+ 39. Kb3 Bg7 40. Rf2 Nd4+ 41. Bxd4 Bxd4 42. Re2 e3 43. Nb4 Rc3+ 44. Ka4 Kf7 45. Nxa6 Rd3 46. Nb4 Rd2 47. Re1 e2 48. Nd3 Rxd3 49. Rxe2 Kf6 50. Kb5 Rd1 51. Re8 Kg5 52. a6 Ra1 53. Rd8 Bg1 54. Rh8 h5 55. Rg8 h4 56. Rf8 Rb1+ 57. Ka5 Rb2 58. Rf7 Rxg2 59. Kb5 Rb2+ 60. Ka4 Ra2+ 61. Kb5 Rf2 62. Rd7 Kf4 63. Rd4+ Kf5 64. Rg4 Rb2+ 65. Kc4 Ba7 66. Rxh4 Rb6 67. Rh7 Rxa6 68. h4 Bf2 69. Rf7+ Rf6 70. Rh7 Kg4 71. h5 g5 72. Kd5 Rf8 73. h6 Kh5 74. Ke4 Kg6 75. Rd7 Kxh6 76. Rd1 g4 0-1

[Event "Taza zt 4.1"]
[Site "Taza"]
[Date "2005.06.24"]
[Round "6"]
[White "Hamdouchi, Hicham"]
[Black "Bengafer, Moh"]
[Result "1-0"]
[WhiteElo "2559"]
[BlackElo "2296"]
[PlyCount "72"]
[EventDate "2005.06.21"]
[EventType "swiss"]
[EventRounds "9"]
[EventCountry "MAR"]
[SourceTitle "EXT 2006"]
[Source "ChessBase"]
[SourceDate "2005.11.24"]
[SourceVersion "1"]
[SourceVersionDate "2005.11.24"]
[SourceQuality "1"]

1. e4 c5 2. Nc3 a6 3. Nf3 e6 4. d4 cxd4 5. Nxd4 b5 6. Bd3 Bb7 7. 0-0 Qc7 8. Qe2 Nf6 9. Bd2 Be7 10. e5 Nd5 11. Nxd5 Bxd5 12. a4 b4 13. c3 Nc6 14. Nxc6 Qxc6 15. Qg4 bxc3 16. Rac1 h5 17. Qxg7 0-0-0 18. Rxc3 Rhg8 19. Rxc6+ dxc6 20. Bxa6+ Kb8 21. Qxg8 Rxg8 22. g3 h4 23. Be3 Rg4 24. Bf4 hxg3 25. hxg3 Bf3 26. Re1 Rg8 27. Bf1 Rd8 28. Bg2 Bxg2 29. Kxg2 Rd4 30. Rh1 Rxa4 31. Rh7 Rb4 32. Rxf7 Bc5 33. g4 Rxb2 34. Bh6 Bd4 35. g5 Bxe5 36. g6 Rb4 1-0

[Event "Taza zt 4.1"]
[Site "Taza"]
[Date "2005.06.22"]
[Round "2"]
[White "Arab, Adlane"]
[Black "Bengafer, Moh"]
[Result "1-0"]
[WhiteElo "2371"]
[BlackElo "2296"]
[PlyCount "71"]
[EventDate "2005.06.21"]
[EventType "swiss"]
[EventRounds "9"]
[EventCountry "MAR"]
[SourceTitle "EXT 2006"]
[Source "ChessBase"]
[SourceDate "2005.11.24"]
[SourceVersion "1"]
[SourceVersionDate "2005.11.24"]
[SourceQuality "1"]

1. d4 Nf6 2. c4 c5 3. d5 d6 4. Nc3 g6 5. e4 Bg7 6. Bd3 0-0 7. h3 Nbd7 8. Nf3 e5 9. g4 a6 10. a4 Re8 11. Bg5 h6 12. Be3 Nf8 13. Qd2 Kh7 14. 0-0-0 Bd7 15. Rdg1 b5 16. cxb5 axb5 17. axb5 Qa5 18. Bc4 Reb8 19. Kc2 Qb4 20. Qd3 Qa5 21. Nd2 Ne8 22. Nb3 Qb6 23. Ra1 Nc7 24. f3 g5 25. Rxa8 Rxa8 26. Ra1 Rxa1 27. Nxa1 Ng6 28. b4 Nf4 29. Qf1 Na8 30. Nb3 Bf8 31. Qa1 Qb8 32. bxc5 dxc5 33. Qa5 Nb6 34. Bf1 c4 35. Nd2 Nc8 36. Nxc4 1-0

[Event "Tanta op 6th"]
[Site "Tanta"]
[Date "2003.12.10"]
[Round "4"]
[White "Bengafer, Moh"]
[Black "Farahat, Ali"]
[Result "1/2-1/2"]
[WhiteElo "2280"]
[BlackElo "2313"]
[PlyCount "87"]
[EventDate "2003.12.07"]
[EventType "swiss"]
[EventRounds "9"]
[EventCountry "EGY"]
[SourceTitle "CBM 097 Extra"]
[Source "ChessBase"]
[SourceDate "2004.01.13"]
[SourceVersion "1"]
[SourceVersionDate "2004.01.13"]
[SourceQuality "1"]

1. e4 c5 2. Nf3 Nc6 3. d4 cxd4 4. Nxd4 Nf6 5. Nc3 d6 6. Bg5 e6 7. Qd2 a6 8. 0-0-0 Be7 9. f4 Nxd4 10. Qxd4 b5 11. Bd3 Bb7 12. Qe3 Qc7 13. Kb1 b4 14. Ne2 Qc5 15. Qxc5 dxc5 16. Ng3 Ng4 17. Bxe7 Kxe7 18. Rd2 Rhd8 19. h3 Nf6 20. e5 Nd5 21. Be4 Rd7 22. Rhd1 Rad8 23. Kc1 g6 24. Nf1 Bc8 25. Bxd5 exd5 26. Ne3 d4 27. Ng4 Rc7 28. Nf6 h5 29. g4 hxg4 30. hxg4 Be6 31. Rh2 a5 32. Rdh1 Rdc8 33. b3 a4 34. Rf1 axb3 35. axb3 Ra8 36. Kb2 c4 37. bxc4 Bxc4 38. Ra1 Rxa1 39. Kxa1 d3 40. cxd3 Ra7+ 41. Kb1 Bxd3+ 42. Kb2 Bc4 43. Kb1 Bd3+ 44. Kb2 1/2-1/2

[Event "Tanta op 6th"]
[Site "Tanta"]
[Date "2003.12.07"]
[Round "1"]
[White "Manolache, Marius"]
[Black "Bengafer, Moh"]
[Result "1-0"]
[WhiteElo "2457"]
[BlackElo "2280"]
[PlyCount "59"]
[EventDate "2003.12.07"]
[EventType "swiss"]
[EventRounds "9"]
[EventCountry "EGY"]
[SourceTitle "CBM 097 Extra"]
[Source "ChessBase"]
[SourceDate "2004.01.13"]
[SourceVersion "1"]
[SourceVersionDate "2004.01.13"]
[SourceQuality "1"]

1. d4 Nf6 2. c4 e6 3. Nc3 c5 4. d5 exd5 5. cxd5 d6 6. Nf3 g6 7. Bf4 a6 8. e4 Nh5 9. Bg5 Be7 10. Bh6 Bf8 11. Qd2 Bxh6 12. Qxh6 Qf6 13. Nd2 b5 14. a4 b4 15. Nd1 Nd7 16. g3 Ne5 17. Be2 Ng4 18. Bxg4 Bxg4 19. 0-0 Bxd1 20. Rfxd1 0-0-0 21. Nc4 Rhe8 22. Qe3 Qe7 23. e5 Qa7 24. Rac1 a5 25. Nxd6+ Rxd6 26. Qxc5+ Qxc5 27. Rxc5+ Kd7 28. exd6 Kxd6 29. Rxa5 Re2 30. Ra6+ 1-0

[Event "New Dolmen op"]
[Site "Qawra"]
[Date "2002.01.19"]
[Round "7"]
[White "Djuric, Stefan"]
[Black "Bengafer, Moh"]
[Result "1-0"]
[WhiteElo "2487"]
[BlackElo "2280"]
[PlyCount "77"]
[EventDate "2002.01.13"]
[EventType "swiss"]
[EventRounds "7"]
[EventCountry "MLT"]
[SourceTitle "CBM 086 Extra"]
[Source "ChessBase"]
[SourceDate "2002.03.14"]
[SourceVersion "1"]
[SourceVersionDate "2002.03.14"]
[SourceQuality "1"]

1. c4 Nf6 2. Nf3 e6 3. d4 d5 4. Nc3 Be7 5. Bf4 0-0 6. e3 c5 7. a3 cxd4 8. exd4 dxc4 9. Bxc4 a6 10. Ba2 Nc6 11. 0-0 b5 12. d5 exd5 13. Nxd5 Nxd5 14. Bxd5 Bb7 15. Rc1 Rc8 16. Rc3 Bf6 17. Rd3 Qb6 18. Bd6 Rfe8 19. b4 Nd8 20. Bc5 Qc7 21. Bb3 Ne6 22. Bd6 Qb6 23. Ne5 Be4 24. Nd7 Qc6 25. Nxf6+ gxf6 26. Bd5 Bxd5 27. Rxd5 Qc4 28. h3 Ng5 29. Bc5 Ne4 30. Rd4 Qe6 31. Re1 Qf5 32. Rd5 Qg6 33. Re3 Kh8 34. Bd4 h6 35. Qb1 Kh7 36. Rd7 f5 37. Qa2 Ng5 38. Kh2 f4 39. Rxe8 1-0